000 00853nam a2200229 i 4500
001 bg
100 1 _aTRZASKA, Maria
245 1 0 _aAnaliza zjawisk w procesie spiekania rezystancyjnego prętów wolframowych /
_cMaria Trzaska.
260 _aWarszawa :
_bOficyna Wydawnicza Politechniki Warszawskiej,
_c1995.
300 _a117 s. :
_bfot., rys., wykr. ;
_c24 cm.
490 1 _aPrace Naukowe / Politechnika Warszawska. Inżynieria Materiałowa,
_x1234-5229 ;
_vz.2
504 _aBibliogr. s.80-84. - Summ.
650 9 _aSpiekanie
_xmetody
650 9 _aWolfram
_xmetalurgia
_xmetody
650 9 _aMetalurgia proszków
_xbadanie
830 0 _aPrace Naukowe (Politechnika Warszawska).
_pInżynieria Materiałowa ;
_vz.2
040 _cBPK
041 0 _apl
_ben
080 _a621.762:669.24/.29
942 _cKS
008 s pl f |000 0 pol
999 _c30753
_d30753
856 _uhttp://koha.tu.koszalin.pl/cgi-bin/koha/opac-detail.pl?biblionumber=30753
_yKatalog online BPK